| 000 | 02181cab a2200361 4500 | ||
|---|---|---|---|
| 001 | ABS67544 | ||
| 008 | 040305n2004 000 0 eng u | ||
| 035 | _a(Sirsi) u125345 | ||
| 100 | _aKing, J. | ||
| 245 | _aEnergy conservation - a non-planning matter? | ||
| 260 | _c2004 | ||
| 490 |
_aTown & Country Planning _v73(2) February 2004, 64-66(3) |
||
| 520 | _aInvestigates whether the present planning system is fit for the purpose of facilitating high-quality sustainable urban growth and delivering healthy, energy-efficient housing. Asserts that the planning system generally fails to deliver development that integrates good standards of energy efficiency, displays locally sensitive or inspiring architecture and promotes quality of life. Looks at the real tools offered by the planning system to local planning authorities to ensure the delivery of high-quality, energy-efficient housing: design codes, community strategies, strategic environment assessments from 2004 and the future provisions for planning functions to be exercised with a view to achieving sustainable development included in the Planning and Compulsory Purchase Bill Part III CL38. Concludes that the planning system still seems destined to fail to provide the impetus to improve the energy efficiency of the building stock. Notes and chart displaying UK carbon emissions - year 2000 sources by sector. | ||
| 590 | _aABS | ||
| 650 | _aBUILDING REGULATIONS 2000 APPROVED DOCUMENT L1 (2002 EDITION) | ||
| 650 | _aBUILDING REGULATIONS 2000 APPROVED DOCUMENT L2 (2002 EDITION) | ||
| 650 | _aSUSTAINABLE DEVELOPMENT | ||
| 650 | _aSUSTAINABLE HOUSING | ||
| 650 | _aSUSTAINABLE COMMUNITIES: BUILDING FOR THE FUTURE | ||
| 650 | _aENERGY EFFICIENT HOUSING | ||
| 650 | _aSTRATEGIC ENVIRONMENTAL ASSESSMENTS | ||
| 650 | _aPLANNING AND COMPULSORY PURCHASE BILL PART III CL38 | ||
| 650 | _aCOMMUNITY STRATEGY | ||
| 650 | _aPPG1 | ||
| 650 | _aPPG3 | ||
| 650 | _aPPG12 | ||
| 650 | _aENERGY CONSERVATION | ||
| 650 | _aCARBON EMISSIONS | ||
| 650 | _aSUSTAINABLE DESIGN | ||
| 650 | _aPLANNING SYSTEM | ||
| 690 | _aENVIRONMENTAL AND LAND CONSULTANCY-PLANNING AND DEVELOPMENT | ||
| 942 | _n0 | ||
| 999 |
_c74248 _d74248 |
||